00603 2200229 4500001002100000005001500021035002000036007000300056008004100059020001800100082000800118084001400126100001400140245008300154250001000237260002900247300003600276650001000312700001500322520002500337990001100362INLIS00000000000629520210211025544 a0010-0221000059ta210211 b 0 ind  a979-465-334-9 a500 a500 NAS b0 aNASIN, M.1 aBayang-Bayang :bAku Setia Mengikuti Kalian /cM. Nasin; penyunting, Anno D.S. acet.1 aBandung :bE Kids,c2006 a56 hal. :bilus. ;c15 x 21 cm. 4aSAINS0 aANNO, D.S. aBibliografi : hal.56 a7836 a